[Event "FIDE World Bl Team Pool A"]
[Site "London ENG"]
[Date "2025.06.14"]
[Round "3.6"]
[White "Kendall, Arthur"]
[Black "Grose, Kameron"]
[Result "1/2-1/2"]
[WhiteElo "1883"]
[BlackElo "1907"]
[WhiteTeam "Chess Trust Accelerators"]
[BlackTeam "ChessbrahTV"]
[WhiteFideId "343410960"]
[BlackFideId "474010"]
[EventDate "2025.06.14"]
[EventType "team"]

1. c4 e5 2. Nc3 Nf6 3. Nf3 Nc6 4. e3 h6 5. a3 e4 6. Ng1 a5 7. d4 exd3 8. Bxd3
Ne5 9. Be2 Be7 10. Nf3 Ng6 11. O-O d6 12. b3 O-O 13. Bb2 c6 14. Qc2 Qc7 15. Rfd1
Rd8 16. Nd4 Bf8 17. Rd2 Bg4 18. Bxg4 Nxg4 19. h3 Nf6 20. Rad1 d5 21. cxd5 Nxd5
22. Ndb5 cxb5 23. Nxd5 Qxc2 24. Rxc2 Rd6 25. Rc5 b4 26. a4 b6 27. Rb5 Rad8 28.
e4 f5 29. f3 fxe4 30. fxe4 Nf4 31. Kf2 Nxd5 32. exd5 Be7 33. Kf3 Rf8+ 34. Ke2
Bf6 35. Bd4 Re8+ 36. Kd3 Kf7 37. Bxf6 Rxf6 38. Kc2 Rc8+ 39. Kb1 Rd6 40. Rd2 Rc5
41. Rxc5 bxc5 42. Kc2 Kf6 43. Rf2+ Ke5 44. Rf7 Rxd5 45. Rxg7 Kd4 46. Rg6 h5 47.
g4 hxg4 48. Rxg4+ Ke5 49. Rg5+ Kd6 50. Rg6+ Kc7 51. Ra6 Rh5 52. Rxa5 Kb6 53.
Rb5+ Kc6 54. Rb8 Rxh3 55. Rc8+ Kb6 56. Rd8 Rh2+ 57. Rd2 Rh3 58. Rd3 Rh4 59. Rd6+
Kc7 60. Rg6 Rh2+ 61. Kd3 Rh3+ 62. Kc4 Rc3+ 63. Kb5 Rxb3 64. Kxc5 Rb1 65. Rg7+
Kc8 66. Kc4 b3 67. Rg3 b2 68. Kc3 Ra1 69. Kxb2 Rxa4 70. Rg5 1/2-1/2

[Event "FIDE World Bl Team Pool A"]
[Site "London ENG"]
[Date "2025.06.14"]
[Round "3.1"]
[White "Bjerre, Jonas Buhl"]
[Black "Dudin, Gleb"]
[Result "0-1"]
[WhiteTitle "GM"]
[BlackTitle "GM"]
[WhiteElo "2651"]
[BlackElo "2574"]
[WhiteTeam "¡Ållez-Y Initiative!"]
[BlackTeam "Global Ramblers"]
[WhiteFideId "1444948"]
[BlackFideId "34184934"]
[EventDate "2025.06.14"]
[EventType "team"]

1. e4 c5 2. Nf3 d6 3. Bc4 Nf6 4. d3 Nc6 5. c3 g6 6. O-O Bg7 7. a4 O-O 8. Re1 e5
9. h3 h6 10. Nbd2 Be6 11. Bxe6 fxe6 12. Nc4 Qc7 13. a5 Kh7 14. Qa4 Nd7 15. b4
cxb4 16. cxb4 Rxf3 17. gxf3 Nd4 18. Qd1 Rf8 19. Re3 d5 20. Na3 Nf6 21. Bb2 Nh5
22. Rc1 Qe7 23. Kf1 Nf4 24. Ke1 Ng2+ 25. Kd2 Qxb4+ 0-1

[Event "FIDE World Bl Team Pool A"]
[Site "London ENG"]
[Date "2025.06.14"]
[Round "3.2"]
[White "Shabalov, Alexander"]
[Black "Jacobsen, Mikkel Manosri"]
[Result "1-0"]
[WhiteTitle "GM"]
[BlackTitle "FM"]
[WhiteElo "2483"]
[BlackElo "2223"]
[WhiteTeam "Global Ramblers"]
[BlackTeam "¡Ållez-Y Initiative!"]
[WhiteFideId "2008572"]
[BlackFideId "1444514"]
[EventDate "2025.06.14"]
[EventType "team"]

1. e4 c5 2. Nf3 Nf6 3. e5 Nd5 4. Nc3 e6 5. Bd3 Nc6 6. O-O Be7 7. Be4 Nxc3 8.
dxc3 d5 9. exd6 Qxd6 10. Qxd6 Bxd6 11. Rd1 Ke7 12. Be3 Bd7 13. Rd2 f5 14. Bg5+
Ke8 15. Bxc6 Bxc6 16. Rxd6 1-0

[Event "FIDE World Bl Team Pool A"]
[Site "London ENG"]
[Date "2025.06.14"]
[Round "3.3"]
[White "Muetsch, Annmarie"]
[Black "Mesropov, Konstantin"]
[Result "1/2-1/2"]
[WhiteTitle "WIM"]
[BlackTitle "IM"]
[WhiteElo "2271"]
[BlackElo "2458"]
[WhiteTeam "¡Ållez-Y Initiative!"]
[BlackTeam "Global Ramblers"]
[WhiteFideId "12971367"]
[BlackFideId "4116887"]
[EventDate "2025.06.14"]
[EventType "team"]

1. e4 e6 2. d3 d5 3. Nd2 Nc6 4. Ngf3 g5 5. h3 Qf6 6. c3 Bd7 7. Qe2 O-O-O 8. e5
Qg7 9. d4 h6 10. b4 f6 11. b5 Na5 12. exf6 Nxf6 13. Ne5 Bd6 14. Nb3 Nc4 15. Nxc4
dxc4 16. Qxc4 e5 17. Be3 Rhe8 18. Be2 h5 19. O-O-O Bf5 20. Kb2 Ne4 21. Qa4 exd4
22. Bxd4 Qf7 23. Bc4 Be6 24. Bxe6+ Rxe6 25. Qa5 a6 26. Qxa6 Qf5 27. Qa8+ Kd7 28.
Qxb7 Ke7 29. Rhe1 Kf7 30. f3 Nf6 31. Bxf6 Qxf6 32. Rxe6 Qxe6 33. Qe4 Qxe4 34.
fxe4 Re8 35. Re1 Bg3 36. Re3 Bf4 37. Re2 Ke6 38. Nd4+ Ke5 39. Nf3+ Kd6 40. Kb3
Kc5 41. Nd4 g4 42. hxg4 hxg4 43. a4 g3 44. Nf5 Be5 45. Re3 Rg8 46. Rd3 Bf4 47.
Rd5+ Kb6 48. Kb4 Rg4 49. a5+ Kb7 50. Kc5 Bc1 51. Re5 Ba3+ 52. Kd5 Rg8 53. Kc4
Rd8 54. Nxg3 Rg8 55. Nf5 Rxg2 56. a6+ Ka7 57. Rd5 Re2 58. e5 Re4+ 59. Nd4 Re1
60. e6 Kb6 61. Rd7 Bd6 62. Kd5 Re5+ 63. Kc4 Rc5+ 64. Kd3 Re5 65. c4 Re1 66. Nc6
Rxe6 67. a7 Re8 68. Kd4 Bc5+ 69. Kd5 Bg1 70. Ne5 Kb7 71. Nc6 Rg8 72. Re7 Rg5+
73. Re5 Rg8 74. c5 Rh8 1/2-1/2

[Event "FIDE World Bl Team Pool A"]
[Site "London ENG"]
[Date "2025.06.14"]
[Round "3.4"]
[White "Reprintsev, Alexander"]
[Black "Loftgaard, Mikkel Vinh"]
[Result "1/2-1/2"]
[WhiteTitle "IM"]
[BlackTitle "FM"]
[WhiteElo "2256"]
[BlackElo "2243"]
[WhiteTeam "Global Ramblers"]
[BlackTeam "¡Ållez-Y Initiative!"]
[WhiteFideId "14100541"]
[BlackFideId "1468480"]
[EventDate "2025.06.14"]
[EventType "team"]

1. e4 c5 2. b3 e6 3. Nf3 d5 4. Bb5+ Nc6 5. Bb2 Nf6 6. exd5 exd5 7. O-O Be7 8.
Ne5 Qc7 9. Re1 O-O 10. Nxc6 bxc6 11. Bd3 Bg4 12. Be2 Bf5 13. d3 Rfe8 14. Nd2 d4
15. Bf3 Bd6 16. h3 Qd7 17. Nc4 Bc7 18. g4 Be6 19. Qd2 Bxc4 20. bxc4 Qd6 21. Bg2
Qh2+ 22. Kf1 Bf4 23. Rxe8+ Rxe8 24. Qd1 Bc7 25. Qf3 Qe5 26. Rd1 h5 27. Bc1 hxg4
28. hxg4 Ba5 29. Kg1 Qe6 30. g5 Nh7 31. Bf4 Bd8 32. Qxc6 Qe2 33. Bf3 Qe7 34. Qe4
Nxg5 35. Qxe7 Nxf3+ 36. Kg2 Bxe7 37. Kxf3 g5 38. Bg3 f5 39. Be5 Kf7 40. Rb1 Ke6
41. Bc7 Rh8 42. Rb7 Rh3+ 43. Ke2 f4 44. Rxa7 Rh1 45. Ra6+ Kd7 46. Ra7 Ke6 47.
Bb6 Rc1 48. Kd2 Rf1 49. Ke2 Rc1 50. Ra5 Rxc2+ 51. Kf3 Rd2 52. Bxc5 Bxc5 53. Rxc5
Rxd3+ 54. Kg4 Rd2 55. Rxg5 Rxf2 56. Rd5 Rxa2 57. Rxd4 Ke5 1/2-1/2

[Event "FIDE World Bl Team Pool A"]
[Site "London ENG"]
[Date "2025.06.14"]
[Round "3.5"]
[White "Jalving, August"]
[Black "Badelka, Olga"]
[Result "1-0"]
[WhiteTitle "CM"]
[BlackTitle "IM"]
[WhiteElo "2306"]
[BlackElo "2424"]
[WhiteTeam "¡Ållez-Y Initiative!"]
[BlackTeam "Global Ramblers"]
[WhiteFideId "1471759"]
[BlackFideId "13509926"]
[EventDate "2025.06.14"]
[EventType "team"]

1. e4 e6 2. d4 d5 3. Nc3 Nf6 4. e5 Nfd7 5. f4 c5 6. Nf3 Nc6 7. Be3 a6 8. Ne2 b5
9. g3 b4 10. Bg2 a5 11. O-O Be7 12. c3 O-O 13. f5 bxc3 14. bxc3 cxd4 15. cxd4
Nb6 16. f6 gxf6 17. Bh6 Re8 18. Qc1 Nc4 19. Qf4 f5 20. g4 Bf8 21. gxf5 exf5 22.
Ng3 Bxh6 23. Qxh6 Re6 24. Qf4 Rg6 25. Nh5 Kh8 26. Nf6 Qf8 27. Nh4 Rxg2+ 28. Nxg2
Be6 29. Rf3 h6 30. Rh3 Rb8 31. Rxh6+ Kg7 32. Qg5# 1-0

[Event "FIDE World Bl Team Pool A"]
[Site "London ENG"]
[Date "2025.06.14"]
[Round "3.6"]
[White "Volkov, Leonid"]
[Black "McCallum, Elliot"]
[Result "1-0"]
[WhiteElo "1828"]
[BlackElo "1924"]
[WhiteTeam "Global Ramblers"]
[BlackTeam "¡Ållez-Y Initiative!"]
[WhiteFideId "12848140"]
[BlackFideId "2645718"]
[EventDate "2025.06.14"]
[EventType "team"]

1. e4 c5 2. Nf3 Nc6 3. d4 cxd4 4. Nxd4 Nf6 5. Nc3 e5 6. Ndb5 d6 7. Bg5 a6 8. Na3
b5 9. Nd5 Be7 10. Nxe7 Nxe7 11. Bxf6 gxf6 12. c4 b4 13. Qa4+ Bd7 14. Qxb4 Rb8
15. Qc3 Bc6 16. f3 f5 17. Bd3 Qb6 18. O-O-O fxe4 19. Bxe4 Bxe4 20. fxe4 Ng6 21.
g3 O-O 22. Nc2 Rfc8 23. Ne3 Rc6 24. Nd5 Qc5 25. Nf6+ Kg7 26. Nd7 Qxc4 27. Nxb8
Qxc3+ 28. bxc3 Rxc3+ 29. Kb2 Re3 30. Rhe1 Rf3 31. Rxd6 Rf2+ 32. Kb3 Rxh2 33. Rf1
Re2 34. Rd7 Re3+ 35. Kb2 Re2+ 36. Kb1 Rxe4 37. Rfxf7+ Kh6 38. Rxh7+ Kg5 39. Rhg7
Rb4+ 40. Kc2 Rxb8 41. Rd6 Rc8+ 42. Kb3 Rb8+ 43. Ka3 Kf5 44. Rgxg6 Rb5 45. Rxa6
e4 46. Raf6+ Ke5 47. Rg5+ 1-0

[Event "FIDE World Bl Team Pool A"]
[Site "London ENG"]
[Date "2025.06.14"]
[Round "3.1"]
[White "Nihal, Sarin"]
[Black "Eilenberg, Jonas"]
[Result "1-0"]
[WhiteTitle "GM"]
[BlackTitle "FM"]
[WhiteElo "2696"]
[BlackElo "2316"]
[WhiteTeam "Ashdod Elit Chess Club"]
[BlackTeam "Berlin Lasker Legends"]
[WhiteFideId "25092340"]
[BlackFideId "16204271"]
[EventDate "2025.06.14"]
[EventType "team"]

1. Nf3 d5 2. e3 Nf6 3. b3 c6 4. Bb2 Bf5 5. Nh4 Bg6 6. g3 e6 7. d3 Nbd7 8. Nd2 a5
9. a3 Be7 10. Nxg6 hxg6 11. Bg2 O-O 12. O-O Qb6 13. c4 Rfd8 14. Qc2 Qa7 15. Nf3
Rac8 16. b4 b5 17. c5 Qb8 18. Bc3 Ne8 19. e4 Bf6 20. exd5 exd5 21. Rfe1 Nc7 22.
Bh3 Qa7 23. Bxf6 gxf6 24. Nd4 Na6 25. Re7 f5 26. Bxf5 Nab8 27. Bxg6 fxg6 28. Ne6 1-0

[Event "FIDE World Bl Team Pool A"]
[Site "London ENG"]
[Date "2025.06.14"]
[Round "3.2"]
[White "Yatskar, Martin"]
[Black "Gledura, Benjamin"]
[Result "0-1"]
[WhiteTitle "CM"]
[BlackTitle "GM"]
[WhiteElo "2225"]
[BlackElo "2668"]
[WhiteTeam "Berlin Lasker Legends"]
[BlackTeam "Ashdod Elit Chess Club"]
[WhiteFideId "34109676"]
[BlackFideId "712779"]
[EventDate "2025.06.14"]
[EventType "team"]

1. d4 Nf6 2. c4 g6 3. Nf3 Bg7 4. g3 O-O 5. Bg2 d6 6. Nc3 a5 7. O-O Bf5 8. Nh4
Be6 9. b3 d5 10. c5 Nc6 11. f4 Ne4 12. Nxe4 Bxd4+ 13. e3 Bxa1 14. Ng5 Bf6 15.
Nxe6 fxe6 16. Qg4 Kg7 17. Qxe6 d4 18. e4 Qc8 19. Qc4 Bxh4 20. gxh4 Qg4 21. e5
Rad8 22. h3 Qxh4 23. Kh2 d3 24. Be3 d2 25. Rd1 g5 26. Be4 gxf4 27. Rg1+ Kh8 28.
Bc2 Rg8 29. e6 Rxg1 30. Bxg1 Qg3+ 0-1

[Event "FIDE World Bl Team Pool A"]
[Site "London ENG"]
[Date "2025.06.14"]
[Round "3.3"]
[White "Eljanov, Pavel"]
[Black "Kunz, Andre"]
[Result "1-0"]
[WhiteTitle "GM"]
[BlackTitle "CM"]
[WhiteElo "2669"]
[BlackElo "2128"]
[WhiteTeam "Ashdod Elit Chess Club"]
[BlackTeam "Berlin Lasker Legends"]
[WhiteFideId "14102951"]
[BlackFideId "24623652"]
[EventDate "2025.06.14"]
[EventType "team"]

1. d4 d5 2. Nf3 e6 3. Bf4 c5 4. e3 Bd6 5. c3 Qc7 6. Bxd6 Qxd6 7. Nbd2 b6 8. Ne5
Nd7 9. Bb5 Nf6 10. f4 O-O 11. O-O a6 12. Bd3 Bb7 13. Qf3 Rac8 14. g4 g6 15. h4
Ne4 16. Nxe4 dxe4 17. Bxe4 Bxe4 18. Qxe4 Nf6 19. Qf3 cxd4 20. exd4 b5 21. Rad1
Qd5 22. a3 a5 23. f5 exf5 24. gxf5 Qxf3 25. Rxf3 Nd5 26. Rdf1 f6 27. fxg6 1-0

[Event "FIDE World Bl Team Pool A"]
[Site "London ENG"]
[Date "2025.06.14"]
[Round "3.4"]
[White "Stein, Theodor"]
[Black "Smirin, Ilia"]
[Result "0-1"]
[BlackTitle "GM"]
[WhiteElo "1877"]
[BlackElo "2564"]
[WhiteTeam "Berlin Lasker Legends"]
[BlackTeam "Ashdod Elit Chess Club"]
[WhiteFideId "34602801"]
[BlackFideId "2801990"]
[EventDate "2025.06.14"]
[EventType "team"]

1. Nf3 Nf6 2. g3 g6 3. b3 d6 4. d4 Bg7 5. Bb2 c5 6. dxc5 Qa5+ 7. Nbd2 Qxc5 8.
Bg2 Ng4 9. Ne4 Qb4+ 10. c3 Qxe4 11. O-O O-O 12. h3 Nf6 13. c4 Qe6 14. g4 Nc6 15.
Ng5 Qd7 16. Qd2 b6 17. Qc3 Bb7 18. Rfe1 Ne8 19. Qd2 Bxb2 20. Qxb2 Nf6 21. e4 Ne5
22. Rad1 h6 23. Nf3 Nxf3+ 24. Bxf3 Qc7 25. Bg2 g5 26. Qd2 Qc5 27. Kh1 Qe5 28.
Qe3 Kg7 29. Rd2 Qf4 30. Qe2 h5 31. gxh5 Rh8 32. Rg1 Rxh5 33. Rd3 Rah8 34. Rg3 g4
35. Bf1 Bxe4+ 36. Kh2 Rxh3+ 37. Bxh3 Rxh3# 0-1

[Event "FIDE World Bl Team Pool A"]
[Site "London ENG"]
[Date "2025.06.14"]
[Round "3.5"]
[White "Osmak, Yuliia"]
[Black "Ho, Ngoc Hai-Dang"]
[Result "1-0"]
[WhiteTitle "IM"]
[WhiteElo "2468"]
[BlackElo "1932"]
[WhiteTeam "Ashdod Elit Chess Club"]
[BlackTeam "Berlin Lasker Legends"]
[WhiteFideId "14101602"]
[BlackFideId "16206509"]
[EventDate "2025.06.14"]
[EventType "team"]

1. e4 e5 2. Nf3 Nc6 3. Nc3 Nf6 4. Bb5 Bc5 5. O-O d6 6. d4 exd4 7. Nxd4 Bd7 8.
Nxc6 bxc6 9. Bd3 h6 10. h3 O-O 11. Kh1 Re8 12. f4 Bb4 13. Qf3 Qe7 14. e5 Bxc3
15. bxc3 dxe5 16. fxe5 Qxe5 17. Bxh6 gxh6 18. Qxf6 Qxf6 19. Rxf6 Re6 20. Rf4
Rae8 21. Raf1 R8e7 22. Bc4 Re1 23. Rxf7 Rxf1+ 24. Rxf1+ Kg7 25. Kh2 Be8 26. Rb1
Bg6 27. Bd3 Bf7 28. a3 a5 29. Rb7 Re5 30. Rxc7 Rc5 31. Ra7 Kf6 32. Kg3 Ke5 33.
Kf2 Kf6 34. Ke3 Ke5 35. Rxf7 Kd5 1-0

[Event "FIDE World Bl Team Pool A"]
[Site "London ENG"]
[Date "2025.06.14"]
[Round "3.6"]
[White "Schuster, Rebekka"]
[Black "Sailaubay, Aldiyar"]
[Result "0-1"]
[WhiteElo "1806"]
[BlackElo "1910"]
[WhiteTeam "Berlin Lasker Legends"]
[BlackTeam "Ashdod Elit Chess Club"]
[WhiteFideId "24674095"]
[BlackFideId "13729357"]
[EventDate "2025.06.14"]
[EventType "team"]

1. e4 d6 2. d3 e5 3. Nf3 Nc6 4. Be2 g6 5. c3 Bg7 6. Be3 Nf6 7. Nbd2 O-O 8. O-O
Re8 9. Qc2 d5 10. Bg5 Be6 11. d4 h6 12. exd5 Bxd5 13. dxe5 Nxe5 14. Be3 Neg4 15.
Bd4 Rxe2 16. Qd3 Re8 17. h3 c5 18. hxg4 cxd4 19. Nxd4 Nxg4 20. Qg3 Nf6 21. N2f3
a6 22. Rad1 Qb6 23. Qh3 Rad8 24. Rfe1 0-1

[Event "FIDE World Bl Team Pool A"]
[Site "London ENG"]
[Date "2025.06.14"]
[Round "3.1"]
[White "Moussard, Jules"]
[Black "Sava, Robert-Gabriel"]
[Result "1-0"]
[WhiteTitle "GM"]
[BlackTitle "CM"]
[WhiteElo "2597"]
[BlackElo "2121"]
[WhiteTeam "Knight Dance"]
[BlackTeam "xChess.AI"]
[WhiteFideId "642908"]
[BlackFideId "1265725"]
[EventDate "2025.06.14"]
[EventType "team"]

1. Nf3 Nf6 2. b3 e6 3. Bb2 d5 4. e3 Bd6 5. d4 Nbd7 6. Bd3 c6 7. Nbd2 Qc7 8. c4
O-O 9. O-O b6 10. Qe2 Bb7 11. e4 dxe4 12. Nxe4 Be7 13. Rad1 h6 14. c5 Nxe4 15.
Qxe4 Nf6 16. Qe2 Rad8 17. Bb1 Rd5 18. b4 a5 19. a3 axb4 20. axb4 Ra8 21. Rfe1
Ba6 22. Qc2 Bb5 23. Ne5 Ba4 24. Qc1 Bxd1 25. Rxd1 bxc5 26. bxc5 Rad8 27. Re1
Rxd4 28. Bxd4 Rxd4 29. Qc2 Rd5 30. Ng4 Kf8 31. Nxf6 Bxf6 32. g3 Qd7 33. Qb3 Bd4
34. Be4 Rxc5 35. Qb4 e5 36. Rb1 Ke7 37. Rc1 Qd6 38. Qb7+ Kf6 39. Rf1 Rb5 40. Qc8
Rb2 41. Kg2 Rxf2+ 42. Rxf2+ Bxf2 43. Qf5+ Ke7 44. Qxf2 c5 45. Qb2 g6 46. Qb7+
Kf8 47. Bd5 Qf6 48. Qc7 Qe7 49. Qc8+ Kg7 50. Kf3 h5 51. h4 Qf6+ 52. Ke2 e4 53.
Qb7 Qd4 54. Qxf7+ Kh6 55. Qf8+ Qg7 56. Qf4+ g5 57. hxg5+ Qxg5 58. Bxe4 h4 59.
Qd6+ Kg7 60. Qd7+ Kf8 61. Qd6+ Kg7 62. Qd7+ Kf8 63. g4 h3 64. Qf5+ Qxf5 65. gxf5
h2 66. Kf2 Ke7 67. Kg2 Kf6 68. Kxh2 Ke5 69. Bb1 c4 70. Kg3 Kf6 71. Kf4 c3 72.
Bc2 1-0

[Event "FIDE World Bl Team Pool A"]
[Site "London ENG"]
[Date "2025.06.14"]
[Round "3.2"]
[White "Rusu, Lucas"]
[Black "Van Foreest, Jorden"]
[Result "0-1"]
[BlackTitle "GM"]
[WhiteElo "2038"]
[BlackElo "2687"]
[WhiteTeam "xChess.AI"]
[BlackTeam "Knight Dance"]
[WhiteFideId "42206472"]
[BlackFideId "1039784"]
[EventDate "2025.06.14"]
[EventType "team"]

1. e4 c5 2. Nf3 Nc6 3. d4 cxd4 4. Nxd4 Qb6 5. Nb3 e6 6. Be3 Qc7 7. c3 Nf6 8.
N1d2 d5 9. Bd3 Bd6 10. Qe2 O-O 11. h3 a5 12. O-O Ne5 13. Nd4 Bd7 14. Rad1 Nxd3
15. Qxd3 h6 16. Rfe1 Rac8 17. a3 Rfd8 18. Nb5 Bxb5 19. Qxb5 Bc5 20. Bxc5 Qxc5
21. Qe2 Qb6 22. e5 Nd7 23. Nf3 Nc5 24. Nd4 Nb3 25. Nxb3 Qxb3 26. Rd4 b5 27. Red1
Rc4 28. f4 g6 29. g4 Rxd4 30. Rxd4 Qa2 31. Qc2 Kh7 32. f5 Kg7 33. Rf4 g5 34. Rd4
b4 35. axb4 axb4 36. fxe6 fxe6 37. Rxb4 Qa1+ 38. Kg2 Rd7 39. Qf2 Rf7 40. Qe2 Qc1
41. Rd4 Rb7 42. Rd2 Qb1 43. Qf2 Qe4+ 44. Qf3 Qxe5 45. Re2 Qf6 46. Qe3 Rf7 47.
Rf2 Qe7 48. Qe5+ Kg8 49. Rxf7 Kxf7 50. b4 Qb7 51. Qd4 Qc6 52. Kf2 Qd6 53. Qa7+
Kg6 54. Qe3 e5 55. Qd3+ e4 56. Qe3 Kf6 57. b5 Ke6 58. b6 Qa3 59. Qd4 Qb2+ 60.
Kf1 Qb1+ 61. Kf2 Qb2+ 62. Kf1 Kd6 63. Qf6+ Kc5 64. Qd4+ Kc6 65. Qf6+ Kb7 66.
Qxh6 Qc1+ 67. Ke2 Qc2+ 68. Kf1 Qd3+ 69. Ke1 Qxc3+ 70. Kf1 Qf3+ 71. Ke1 Qe3+ 72.
Kd1 Qd3+ 73. Ke1 e3 74. Qg7+ Kxb6 75. Qb2+ Kc5 76. Qc1+ Kd4 77. Qa1+ Qc3+ 78.
Qxc3+ Kxc3 79. h4 gxh4 80. g5 h3 81. Kf1 h2 0-1

[Event "FIDE World Bl Team Pool A"]
[Site "London ENG"]
[Date "2025.06.14"]
[Round "3.3"]
[White "Dardha, Daniel"]
[Black "Badescu, Matei-Andrei"]
[Result "1-0"]
[WhiteTitle "GM"]
[WhiteElo "2646"]
[BlackElo "1947"]
[WhiteTeam "Knight Dance"]
[BlackTeam "xChess.AI"]
[WhiteFideId "240990"]
[BlackFideId "42213096"]
[EventDate "2025.06.14"]
[EventType "team"]

1. e4 c5 2. Nf3 d6 3. d4 cxd4 4. Nxd4 Nf6 5. Nc3 a6 6. Bd3 Nc6 7. Nxc6 bxc6 8.
b3 e6 9. Bb2 d5 10. Qe2 Be7 11. g4 Nd7 12. h4 Bb4 13. O-O-O O-O 14. Na4 Nb6 15.
Nxb6 Qxb6 16. h5 d4 17. e5 Bc3 18. h6 g6 19. Qf3 Qd8 20. Kb1 Bxb2 21. Kxb2 Bd7
22. Be4 Qg5 23. Rxd4 Qxe5 24. Qc3 Rfd8 25. f4 Qf6 26. g5 Qh8 27. Rhd1 Ra7 28.
Kb1 e5 29. fxe5 Kf8 30. Qc5+ Ke8 31. Qxa7 Qxe5 32. Rxd7 Rxd7 33. Qxd7+ Kf8 1-0

[Event "FIDE World Bl Team Pool A"]
[Site "London ENG"]
[Date "2025.06.14"]
[Round "3.4"]
[White "Sava, Christiansen-Danut-Eugen"]
[Black "Maurizzi, Marc'Andria"]
[Result "0-1"]
[WhiteTitle "FM"]
[BlackTitle "GM"]
[WhiteElo "2002"]
[BlackElo "2607"]
[WhiteTeam "xChess.AI"]
[BlackTeam "Knight Dance"]
[WhiteFideId "1210114"]
[BlackFideId "36083534"]
[EventDate "2025.06.14"]
[EventType "team"]

1. b4 d6 2. Bb2 e5 3. Nf3 f5 4. e3 Nf6 5. c4 g6 6. Be2 Bg7 7. O-O O-O 8. d3 h6
9. Nc3 Be6 10. a4 Nbd7 11. a5 a6 12. Qc2 g5 13. Nd2 g4 14. d4 e4 15. d5 Bf7 16.
Nb3 Ne5 17. Nd4 Qd7 18. Rad1 h5 19. c5 h4 20. c6 bxc6 21. dxc6 Nxc6 22. b5 Nxd4
23. Rxd4 axb5 24. Bxb5 c6 25. Ba4 Rxa5 26. Rfd1 d5 27. Ba3 Rc8 28. Bb4 Raa8 29.
Bc5 Qc7 30. Rb4 Nd7 31. Ne2 Nxc5 32. Qxc5 Bf8 33. Qc3 Bxb4 34. Qxb4 c5 35. Qb3
d4 36. Qb5 Rcb8 37. Qd7 Qxd7 38. Bxd7 d3 39. Nf4 c4 40. Bxf5 c3 41. Bxe4 c2 0-1

[Event "FIDE World Bl Team Pool A"]
[Site "London ENG"]
[Date "2025.06.14"]
[Round "3.5"]
[White "Roebers, Eline"]
[Black "Badescu, Eliza-Ioana"]
[Result "1-0"]
[WhiteTitle "IM"]
[WhiteElo "2356"]
[BlackElo "1832"]
[WhiteTeam "Knight Dance"]
[BlackTeam "xChess.AI"]
[WhiteFideId "1058401"]
[BlackFideId "42214890"]
[EventDate "2025.06.14"]
[EventType "team"]

1. e4 c6 2. Nf3 d5 3. Nc3 Bg4 4. h3 Bxf3 5. Qxf3 e6 6. d4 Nd7 7. Bd3 dxe4 8.
Nxe4 Ngf6 9. Bg5 Be7 10. O-O-O Nxe4 11. Bxe7 Qxe7 12. Bxe4 O-O-O 13. c3 Nb6 14.
Rhe1 Qc7 15. Kb1 Nd5 16. Rd2 a5 17. Red1 Rhf8 18. c4 Nb6 19. Qc3 a4 20. g3 f5
21. Bc2 c5 22. d5 exd5 23. cxd5 f4 24. d6 Qc6 25. Qxg7 Nc4 26. d7+ Kb8 27. Rd5
Qb5 28. Bd3 Qb4 29. Bxc4 Qxc4 30. Qe5+ Ka8 31. Rxc5 Qb4 32. Ra5+ Qxa5 33. Qxa5+
Kb8 34. Qe5+ Ka8 35. Rd4 b5 36. Qxb5 Rb8 37. Rxa4# 1-0

[Event "FIDE World Bl Team Pool A"]
[Site "London ENG"]
[Date "2025.06.14"]
[Round "3.6"]
[White "Platschek, Luca"]
[Black "Phulpin, Theo"]
[Result "1-0"]
[WhiteElo "1626"]
[BlackElo "1773"]
[WhiteTeam "xChess.AI"]
[BlackTeam "Knight Dance"]
[WhiteFideId "1289888"]
[BlackFideId "36001600"]
[EventDate "2025.06.14"]
[EventType "team"]

1. d4 f5 2. Nf3 Nf6 3. e3 g6 4. Bd3 Bg7 5. Nbd2 O-O 6. O-O d6 7. e4 fxe4 8. Nxe4
Nxe4 9. Bxe4 c6 10. c3 Nd7 11. h3 Nf6 12. Bc2 Nd5 13. Qe2 Nf4 14. Bxf4 Rxf4 15.
Rae1 Rb8 16. Bb3+ d5 17. Ne5 Bxe5 18. Qxe5 Rf7 19. Qxb8 Rf5 20. Qg3 Kg7 21. Re5
Rf7 22. Rfe1 Bf5 23. R1e2 e6 24. Bc2 Bxc2 25. Rxc2 Qa5 26. Rxe6 Qxa2 27. Qe5+
Kh6 28. Re2 Qb1+ 29. Kh2 Qf1 30. Qe3+ Kg7 31. Re7 Rxe7 32. Qxe7+ Kh6 33. Qh4+
Kg7 34. Re7+ Kf8 35. Qxh7 Qxf2 36. Qg7# 1-0

[Event "FIDE World Bl Team Pool A"]
[Site "London ENG"]
[Date "2025.06.14"]
[Round "3.1"]
[White "Oro, Faustino"]
[Black "Chinguun, Sumiya"]
[Result "1-0"]
[WhiteTitle "IM"]
[BlackTitle "FM"]
[WhiteElo "2465"]
[BlackElo "2415"]
[WhiteTeam "Turkish Airlines Sports Club"]
[BlackTeam "The MongolZ"]
[WhiteFideId "20000197"]
[BlackFideId "4902572"]
[EventDate "2025.06.14"]
[EventType "team"]

1. d4 Nf6 2. c4 e6 3. Nf3 b6 4. e3 Bb7 5. Bd3 c5 6. O-O Be7 7. Qe2 O-O 8. dxc5
bxc5 9. Nc3 Nc6 10. Rd1 d6 11. b3 a6 12. Bb2 Qc7 13. h3 Rfd8 14. Rac1 Rac8 15.
Bb1 Bf8 16. Ne4 Nxe4 17. Bxe4 g6 18. Bf6 Be7 19. Ba1 e5 20. Nd2 Bf6 21. Bc3 Bg7
22. Bd5 Kh8 23. Ne4 h6 24. h4 f5 25. Ng3 Ne7 26. Bxb7 Qxb7 27. f4 h5 28. Rd2 Nc6
29. Qf3 e4 30. Bxg7+ Qxg7 31. Qd1 Qf6 32. Ne2 Nb4 33. Nc3 Nd3 34. Nd5 Qg7 35.
Rb1 Rb8 36. Qc2 Rd7 37. Rbd1 Rdb7 38. Rxd3 exd3 39. Qxd3 Re8 40. Qd2 Rf7 41. Qa5
Qb2 42. Qxa6 Qe2 43. Rf1 Rxe3 44. Nxe3 Qxe3+ 45. Kh2 Qe8 46. Qxd6 Qe7 47. Qa6 1-0

[Event "FIDE World Bl Team Pool A"]
[Site "London ENG"]
[Date "2025.06.14"]
[Round "3.2"]
[White "Reimanis, Ritvars"]
[Black "Ahmad, Khagan"]
[Result "0-1"]
[WhiteTitle "IM"]
[BlackTitle "IM"]
[WhiteElo "2355"]
[BlackElo "2394"]
[WhiteTeam "The MongolZ"]
[BlackTeam "Turkish Airlines Sports Club"]
[WhiteFideId "11602988"]
[BlackFideId "13431552"]
[EventDate "2025.06.14"]
[EventType "team"]

1. d4 Nf6 2. Nf3 d5 3. Nc3 a6 4. Bg5 Nbd7 5. e3 h6 6. Bh4 e6 7. Bd3 c5 8. Ne5
Qb6 9. Nxd7 Bxd7 10. Rb1 cxd4 11. Bxf6 gxf6 12. exd4 Qxd4 13. O-O Bd6 14. Ne2
Qb6 15. c4 dxc4 16. Bxc4 O-O-O 17. Ng3 Bc6 18. Qc2 Kb8 19. b4 f5 20. a4 Qc7 21.
Qe2 f4 22. Ne4 f3 23. gxf3 Bxh2+ 24. Kh1 Qf4 25. Ng3 Bxf3+ 26. Qxf3 Qxf3+ 27.
Kxh2 Rd2 28. Kg1 Rg8 0-1